<?xml version="1.0" encoding="UTF-8"?>
<collection xmlns:xsi="http://www.w3.org/2001/XMLSchema-instance" xsi:schemaLocation="http://www.loc.gov/MARC21/slim http://www.loc.gov/standards/marcxml/schema/MARC21slim.xsd" xmlns="http://www.loc.gov/MARC21/slim">
 <record>
  <leader>00000cam a22000003i 4500</leader>
  <controlfield tag="001">UP-1685594773862157881</controlfield>
  <controlfield tag="003">Buklod</controlfield>
  <controlfield tag="005">20190226142548.0</controlfield>
  <controlfield tag="006">g||| |     ||   ||</controlfield>
  <controlfield tag="007">ta</controlfield>
  <controlfield tag="008">190226s1993    nyua    r    |||1 u|eng d</controlfield>
  <datafield tag="020" ind1=" " ind2=" ">
   <subfield code="a">9780312100131</subfield>
  </datafield>
  <datafield tag="020" ind1=" " ind2=" ">
   <subfield code="a">0312100132</subfield>
  </datafield>
  <datafield tag="035" ind1=" " ind2=" ">
   <subfield code="a">(iLib)UPBAG-00033089596</subfield>
  </datafield>
  <datafield tag="040" ind1=" " ind2=" ">
   <subfield code="a">DLC</subfield>
   <subfield code="d">BAG</subfield>
   <subfield code="e">rda</subfield>
  </datafield>
  <datafield tag="041" ind1="0" ind2=" ">
   <subfield code="a">eng</subfield>
  </datafield>
  <datafield tag="090" ind1=" " ind2="0">
   <subfield code="a">PN 1993.5 A1</subfield>
   <subfield code="b">S55 1993</subfield>
  </datafield>
  <datafield tag="100" ind1="1" ind2=" ">
   <subfield code="a">Shipman, David</subfield>
   <subfield code="e">author.</subfield>
  </datafield>
  <datafield tag="245" ind1="1" ind2="0">
   <subfield code="a">Cinema</subfield>
   <subfield code="b">the first hundred years</subfield>
   <subfield code="c">David Shipman ; foreword by Barry Norman.</subfield>
  </datafield>
  <datafield tag="264" ind1=" " ind2="1">
   <subfield code="a">New York</subfield>
   <subfield code="b">St. Martin's Press</subfield>
   <subfield code="c">1993.</subfield>
  </datafield>
  <datafield tag="300" ind1=" " ind2=" ">
   <subfield code="a">383 pages</subfield>
   <subfield code="b">illustrations (some color)</subfield>
   <subfield code="c">30 cm</subfield>
  </datafield>
  <datafield tag="336" ind1=" " ind2=" ">
   <subfield code="a">text</subfield>
   <subfield code="2">rdacontent</subfield>
  </datafield>
  <datafield tag="337" ind1=" " ind2=" ">
   <subfield code="a">unmediated</subfield>
   <subfield code="2">rdamedia</subfield>
  </datafield>
  <datafield tag="338" ind1=" " ind2=" ">
   <subfield code="a">volume</subfield>
   <subfield code="2">rdacarrier</subfield>
  </datafield>
  <datafield tag="500" ind1=" " ind2=" ">
   <subfield code="a">Includes index.</subfield>
  </datafield>
  <datafield tag="520" ind1=" " ind2=" ">
   <subfield code="a">On February 1, 1893, Thomas Alva Edison completed the first motion picture studio: a hut on a pivot that could be rotated to follow the sun. Almost a year later, on January 7, 1894, he took a copyright for the very first film - a memorable short entitled Fred Ott's Sneeze. And from these inauspicious beginnings, one hundred years later, has grown a medium that is arguably the most popular and influential man has created David Shipman, for decades on of the world's leading film critics and historians, has in Cinema: The First Hundred Years given us a definitive survey of film's first century - and one of the most lavishly illustrated volumes on cinema history ever produced. With profound expertise, sharp wit and unmatched insight, Shipman chronicles the medium's watershed events, year by year - great stars discovered, classic films released, gala openings celebrated, Oscars awarded, accepted, and declined. Here in the 1907, sixteen-scene version of Ben Hur: the classics of the 1930s and 1940s, from Gone With The Wind and Casablanca to David Copperfield and The Bride of Frankenstein: here are the Cinemascope extravaganzas of the 1950s, the road movies of the 1960s, and the modern classics of today. Shipman's scope is exhaustive; the 2,500 films covered include hundreds of international films as well as Hollywood pictures. Accompanying Shipman's text is a photographic record unequalled in its quality: not just another compendium of familiar stills. Cinema resurrects hundreds of pristine, museum-quality photos from archives around the world, reproducing them in a striking oversize format that recalls the grandeur of moviegoing at its most memorable. Complementing Shipman's verbal survey with a gallery of unforgettable visual images, this is a one-of-a-kind volume: the next century is not likely to see a more rewarding gift for the film fan of any age.</subfield>
  </datafield>
  <datafield tag="650" ind1=" " ind2="0">
   <subfield code="a">Motion pictures</subfield>
   <subfield code="x">History.</subfield>
  </datafield>
  <datafield tag="905" ind1=" " ind2=" ">
   <subfield code="a">FO</subfield>
  </datafield>
  <datafield tag="852" ind1="0" ind2=" ">
   <subfield code="a">UPBAG</subfield>
   <subfield code="b">UPBAG-MAIN</subfield>
   <subfield code="h">PN 1993.5 A1 S55 1993</subfield>
  </datafield>
  <datafield tag="852" ind1="0" ind2=" ">
   <subfield code="a">UPD</subfield>
   <subfield code="b">DMC</subfield>
   <subfield code="h">PN 1993.5 A1</subfield>
   <subfield code="i">S55 1993</subfield>
  </datafield>
  <datafield tag="942" ind1=" " ind2=" ">
   <subfield code="a">Book</subfield>
  </datafield>
 </record>
</collection>
